[Event "RSA-ch U16 Girls"]
[Site "Waterkloof"]
[Date "2015.04.09"]
[Round "9"]
[White "Brits, Zandria"]
[Black "Surujhlal, Kayla"]
[Result "0-1"]
[WhiteElo "1037"]
[BlackElo "1139"]
[PlyCount "110"]
[EventDate "2015.04.04"]
[EventType "swiss"]
[EventRounds "9"]
[EventCountry "RSA"]
[SourceTitle "CBM 166 Extra"]
[Source "ChessBase"]
[SourceDate "2015.06.18"]
[SourceVersion "1"]
[SourceVersionDate "2015.06.18"]
[SourceQuality "1"]

1. d4 d6 2. e4 Nf6 3. Nc3 g6 4. Be3 Bg7 5. Bd3 c6 6. a3 0-0 7. Qd2 Nbd7 8. f4 e5 9. dxe5 dxe5 10. f5 Kh8 11. 0-0-0 b5 12. b3 a5 13. Nb1 Rb8 14. h4 Ng4 15. Bg5 f6 16. Be3 Nxe3 17. Qxe3 g5 18. hxg5 fxg5 19. Qh3 h6 20. Nf3 Qf6 21. Nbd2 Kh7 22. Nf1 Rh8 23. Ng3 Kg8 24. Nh5 Qe7 25. Nxg7 Qxg7 26. Qh5 Ba6 27. g4 Rd8 28. Qh2 Qe7 29. Kb2 Ra8 30. Qh5 Qg7 31. Rdf1 b4 32. Bxa6 Rxa6 33. a4 Nf6 34. Qh2 Nxg4 35. Qd2 Qe7 36. Qd3 Rb6 37. Qc4+ Kg7 38. Qd3 Rd8 39. Qe2 Qc5 40. Nd2 Qc3+ 41. Kb1 Rxd2 42. Qxd2 Qxd2 43. Rd1 Qg2 44. Rhe1 Nf6 45. Kc1 Rb7 46. Rd2 Qf3 47. Ree2 Rd7 48. Rxd7+ Nxd7 49. Kd1 Nf6 50. Ke1 Nxe4 51. Kd1 Nc3+ 52. Kc1 Qxe2 53. Kb2 Kf8 54. Ka1 Qd1+ 55. Kb2 Qb1# 0-1